| 000 | 00373pab a2200157 454500 | ||
|---|---|---|---|
| 008 | 180718b1998-99 xxu||||| |||| 00| 0 eng d | ||
| 100 | _aCinneide, Seamus O. | ||
| 245 | _aDemocracy and the constitution | ||
| 260 | _c1998-99 | ||
| 300 | _ap.41-58 | ||
| 362 | _aWinter | ||
| 650 | _aConstitutions | ||
| 650 | _aDemocracy | ||
| 773 | _aAdministration | ||
| 909 | _a40765 | ||
| 999 |
_c40765 _d40765 |
||